Only Fools and Horses - Statistics

General Stats
  • This quiz has been taken 74 times
  • The average score is 12 of 15
Answer Stats
Hint Answer % Correct
Which character is routinely described as 'a plonker'? Rodney
100%
What colour is Del's three wheeled van? Yellow
100%
In which part of London do Del and Rodney live? Peckham
98%
In which decade was the show first broadcast? 1980s
93%
What is Del and Rodney's surname? Trotter
93%
What is the name of the local pub in the show? The Nag's Head
92%
What does Del Boy name his first son? Damien
90%
What is the name of Rodney's wife? Cassandra
85%
What is the name of the tower block the family live in? Nelson Mandela House
81%
What relation is Albert to Del and Rodney? Great Uncle
69%
Who played Slater in several memorable episodes? Jim Broadbent
66%
What is Rodney's middle name? Charlton
64%
Who created and wrote the show? John Sullivan
61%
Who played Granddad for the first few series? Lennard Pearce
58%
What is the name of Del and Rodney's mother? Joan Mavis 'Joanie' Trotter
54%
No matching quizzes found
Score Distribution
Percent of People with Each Score
Percentile by Number Answered
Your Score History
You have not taken this quiz